000 01053nas a2200361 4500
001 BR0603378
003 BR-BrBNA
005 20231205110214.0
007 ta
008 230509b bl.|||p| |||| 00| 00por d
040 _aBR-BrBNA
_bpor
_cBiblioteca Nacional de Agricultura
041 _a(Pt)
072 _aL51
100 1 _aBarreto, S.L. de T.
100 1 _aAraujo, M.S. de
100 1 _aUmigi, R.T.
100 1 _aDonzele, J.L.
100 1 _aRocha, T.C. da
100 1 _aPinheiro, S.R.F.
100 1 _aTeixeira, R.B.
100 1 _aAbreu, F.V. de S.
100 1 _aSilva, R.F.
245 1 _aExigência nutricional de lisina para cordonas européias machos de 21 a 49 dias de idade
650 _aCODORNA
650 _aLISINA
650 _aEXIGÊNCIA NUTRICIONAL
650 _aCARCAÇA
650 _aRENDIMENTO
650 _aPERFORMANCE
773 0 _tRevista Brasileira de Zootecnia (Brazil)
_xISSN 1516-3598
_g(May-Jun 2006), v. 35(3) p. 750-753
_wBR0603378
909 _a202311
_bLúcia
_c55
_dLúcia Elande
942 _2AGRIS
_n0
_cANA
999 _c186508
_d186508